000 00857nab a2200253 u 4500
001 20129
003 HDC
007 cr bn ---aaaaa
008 210304c |r|noo 0 a d
040 _aHDC
100 _aAngelina Larasati,
_eauthor
_918293
245 0 _aKEMENPERIN TARGETKAN INDUSTRI HALAL KE TIMUR TENGAH /
_cby Angelina Larasati
260 _a[No place] :
_b[publisher not identified],
_c2016
336 _atext
_2rdacontent
337 _acomputer
_2rdamedia
338 _aonline resource
_2rdacarrier
650 _aHalal industry
_9144
650 _aHalal product
_948
710 _aBISNISPOST.COM
856 _zRequest full-text at [email protected]
942 _2lcc
942 _cNEWS
942 _kNWSO 009931
999 _c17445
_d17445